| 000 | 00693nam a2200265Ia 4500 | ||
|---|---|---|---|
| 003 | OSt | ||
| 005 | 20251020182503.0 | ||
| 008 | 200515s9999 xx 000 0 und d | ||
| 020 | _a958-96027-5-4 | ||
| 040 | _cDLC | ||
| 082 | _a625.77/E81/1997 | ||
| 110 | _aEscuela Colombiana de Ingeniería | ||
| 245 | 0 | _aIngeniería de pavimentos | |
| 260 | _aSantafé de Bogotá, D.C. | ||
| 260 | _bEscuela Colombiana de Ingeniería | ||
| 260 | _c1997 | ||
| 300 | _a884 p. | ||
| 300 | _bil., tbl., graf. | ||
| 490 | _aXI SIMPOSIO COLOMBIANO SOBRE INGENIERÍA DE PAVIMENTOS | ||
| 500 | _a1 ejemplar | ||
| 650 | _aCARRETERAS | ||
| 650 | _aPAVIMENTOS | ||
| 942 |
_cLIB _2ddc |
||
| 999 |
_c1218 _d1218 |
||